Multinational service firms /

Bibliographic Details
Main Author: Enderwick, Peter
Format: Book
Language:English
Published: London ; New York : Routledge, 1989.
Subjects:

MARC

Tag First Indicator Second Indicator Subfields
LEADER 00000cam a2200000 a 4500
001 in00000976613
005 20150927111638.0
008 890724s1989 enkab b 00110 eng
010 |a  89166537  
020 |a 0415003954 
035 |a (OCoLC)23584670 
035 |9 AEW2025AM 
040 |a DLC  |c DLC  |d TXA  |d UtOrBLW 
049 |a TXAM 
050 0 0 |a HD9980.5  |b .E53 1989 
082 0 0 |a 338.8/8  |2 20 
100 1 |a Enderwick, Peter. 
245 1 0 |a Multinational service firms /  |c Peter Enderwick. 
264 1 |a London ;  |a  New York :  |b Routledge,  |c 1989. 
300 |a xiv, 284 pages :  |b illustrations, maps ;  |c 23 cm. 
336 |a text  |b txt  |2 rdacontent 
337 |a unmediated  |b n  |2 rdamedia 
338 |a volume  |b nc  |2 rdacarrier 
504 |a Includes bibliographical references (pages 256-272) and index. 
650 0 |a Service industries. 
650 0 |a International business enterprises. 
999 |a MARS 
999 f f |s f6a1da77-fdc0-30c0-99f9-48901220bd38  |i e07853f4-76fe-3ae2-86a8-6647cf5063d6  |t 0 
952 f f |p ric  |a Texas A&M University  |b Rellis Campus  |c Joint Library Facility  |d Remote Storage  |t 0  |e HD9980.5 .E53 1989  |h Library of Congress classification  |i unmediated -- volume  |m A14814432054 
998 f f |a HD9980.5 .E53 1989  |t 0  |l Remote Storage